| 000 | 00549nam a22001697a 4500 | ||
|---|---|---|---|
| 003 | NUST | ||
| 038 | _aNusrat Nadeem | ||
| 082 | _a200 | ||
| 100 |
_aNasim, Mariam _9124617 |
||
| 245 |
_aAdvancing fabric defect detection in real world manufacturing using deep learning / _cMariam Nasim, |
||
| 264 |
_aIslamabad; _bSEECS NUST; _c2024. |
||
| 300 |
_a148,p; _bill; _c30,cm. |
||
| 650 |
_aMS- Data Science _9123017 |
||
| 700 |
_aSupervisor: Dr. Rafia Mumtaz _996700 |
||
| 856 | _uhttp://10.250.8.41:8080/xmlui/handle/123456789/44631 | ||
| 942 |
_2ddc _cSC |
||
| 999 |
_c610427 _d610427 |
||